[Event "Niteroi op 2nd"]
[Site "Niteroi"]
[Date "2022.09.06"]
[Round "8"]
[White "Carrillo Marval, Maria Angelica"]
[Black "Da Silva Mendes, Manoel Gustavo"]
[Result "1-0"]
[WhiteElo "1734"]
[BlackElo "1798"]
[PlyCount "83"]
[EventDate "2022.09.01"]
[EventType "swiss"]
[EventRounds "9"]
[EventCountry "BRA"]
[SourceTitle "EXT 2024"]
[Source "ChessBase"]
[SourceDate "2023.10.10"]
[SourceVersion "1"]
[SourceVersionDate "2023.10.10"]
[SourceQuality "1"]

1. e4 c5 2. Nf3 d6 3. d4 cxd4 4. Nxd4 Nf6 5. f3 a6 6. c4 e5 7. Nb3 h5 8. Nc3 Be6 9. Be3 Nbd7 10. Be2 Be7 11. Qd2 0-0 12. 0-0 Rc8 13. Nd5 Nc5 14. Nxe7+ Qxe7 15. Nc1 Qd7 16. Rd1 Rfd8 17. Bf1 Nh7 18. Qf2 Qe8 19. Qh4 f6 20. b3 g5 21. Qf2 b6 22. b4 Na4 23. Bxb6 Rd7 24. c5 Nc3 25. Rxd6 Rxd6 26. cxd6 Qc6 27. Bc5 Nb5 28. Qd2 Rd8 29. Bxb5 Qxb5 30. a4 Qc6 31. Nd3 Nf8 32. Nb2 Nd7 33. Rc1 Nb6 34. a5 Nc8 35. Rd1 Qb5 36. h4 Rd7 37. hxg5 fxg5 38. Qd3 Qc6 39. Nc4 Bxc4 40. Qxc4+ Kg7 41. Qe6 Re7 42. Qf5 1-0